banner-ar

عمالقة الادب العربى / (Record no. 43479)

MARC details
000 -الفاتح
حقل البيانات ثابتة الطول 00555nam a2200193Ia 4500
008 - عناصر البيانات ثابتة الطول - معلومات عامة
حقل البيانات ثابتة الطول 140319s9999 xx 000 0 ara d
040 ## - مصدر الفهرسة
وكالة الفهرسة الأصلية GCL /
وكالة النسخ GCL
082 04 - رقم تصنيف ديوى العشرى
رقم التصنيف 928
رقم المادة ر ا
100 1# - المدخل الرئيسى - إسم شخصى
الإسم الشخصى درينى خشبة
245 10 - بيان العنوان
العنوان عمالقة الادب العربى /
بيان المسئوليه,etc درينى خشبة
700 1# - المدخل الاضافى - اسم شخصى
الإسم الشخصى راسكو، برتون
700 1# - المدخل الاضافى - اسم شخصى
الإسم الشخصى احمد قاسم جودة
300 ## - الوصف المادى
التعداد 434 ص
490 ## - بيان السلسلة
عنوان السلسلة الالف كتاب
رقم المجلد/ التعيين التسلسلي 0
650 04 - المدخل الاضافى بالموضوع-مصطلح موضوعى
مصطلح موضوعي التراجم الادبية
650 04 - المدخل الاضافى بالموضوع-مصطلح موضوعى
مصطلح موضوعي الادباء الغربيون
942 ## - عناصر المدخل الإضافي( كوها)
مصدر التصنيف او مخطط الترفيف Dewey Decimal Classification
Koha [default] item type كتاب
Holdings
حالة التراجع حالة الفقد حالة تلف ليس للاعارة المكان المؤقت الموقع الحالى تاريخ الاكتساب اجمالي اﻻعارات رقم الطلب الباركود تاريخ اخر مشاهدة تاريخ تفعيل السعر نوع وعاء كوها
        مكتبة القاهرة الكبرى مكتبة القاهرة الكبرى 03/26/2014   928\ر ا 105265 03/26/2014 03/26/2014 كتاب

Powered By

EGPV